[Event "Hampstead op U2200 10"]
[Site "Hampstead"]
[Date "2013.10.26"]
[Round "1"]
[White "Ivanov, Elizabeth"]
[Black "Breindel, Jake"]
[Result "1-0"]
[WhiteElo "1618"]
[BlackElo "1906"]
[PlyCount "92"]
[EventDate "2013.10.26"]
[EventType "swiss"]
[EventRounds "5"]
[EventCountry "ENG"]
[SourceTitle "EXT 2015"]
[Source "ChessBase"]
[SourceDate "2014.11.20"]
[SourceVersion "1"]
[SourceVersionDate "2014.11.20"]
[SourceQuality "1"]

1. e4 c5 2. Nf3 a6 3. d4 cxd4 4. Nxd4 Nf6 5. Nc3 e5 6. Nf3 d6 7. h3 Be7 8. Bd3 b5 9. a3 Bb7 10. 0-0 Nbd7 11. Be3 Rc8 12. Nd2 0-0 13. Qe2 Nc5 14. f4 d5 15. fxe5 Nfxe4 16. Bxe4 Nxe4 17. Ndxe4 dxe4 18. Qg4 Bc5 19. Bxc5 Rxc5 20. e6 Rg5 21. exf7+ Kh8 22. Qe6 Qd4+ 23. Kh2 e3 24. Rg1 Qf4+ 25. Kh1 e2 26. Qxe2 Qxf7 27. Rae1 Qf5 28. Qe3 Rh5 29. Kh2 Qxc2 30. Qe7 Rxh3+ 31. Kxh3 Qf5+ 32. Kh2 Qf4+ 33. g3 Qh6+ 34. Qh4 Rf2+ 35. Kh3 Bc8+ 36. g4 Rh2+ 37. Kxh2 Qxh4+ 38. Kg2 Bb7+ 39. Kf1 Qh3+ 40. Ke2 Qh2+ 41. Kd1 Bf3+ 42. Kc1 h6 43. Kb1 Qd6 44. Ka1 Qg6 45. g5 h5 46. Ne2 Qc6 1-0